| 000 | 00602nam a22002057a 4500 | ||
|---|---|---|---|
| 003 | OSt | ||
| 005 | 20240926120438.0 | ||
| 008 | 240926b |||||||| |||| 00| 0 eng d | ||
| 020 | _a9780073401188 | ||
| 040 |
_aDDC _cMUST |
||
| 082 | _a628.1 WAS 2019 | ||
| 100 |
_aMetcalf... ( et al) _919230 |
||
| 245 |
_aWasteWater Engineering: _bTreatment and Resources Recovery/ _cMetcalf... ( et al) |
||
| 250 | _aFifth Edition. | ||
| 260 |
_aIndia: _bPHI, _c2019. |
||
| 300 |
_axiii,437p.: _bcol., ill; _c23cm. |
||
| 504 | _aIncludes Reafferences and Indexes | ||
| 650 |
_aPhysics _9809 |
||
| 942 |
_2ddc _cO_SHELF |
||
| 999 |
_c9417 _d9417 |
||